000 00578nam a2200229Ia 4500
003 OSt
005 20220918182707.0
006 a|||||r|||| 00| 0
007 ta
008 220917b |||||||| |||| 00| 0 eng d
024 _a33,955
037 _cTextual
040 _aARTS
_cARTS
_beng
041 _2eng
_aeng
082 _aO15,2D40,2, J0
100 _aKalidasa
_960982
245 0 _aMalavikagnimitra ed and tr by P S Sane
260 _c1950
650 _aSANSKRIT LITERATURE
942 _hO15,2D40,2, J0
_cTEXL
_2CC
999 _c170040
_d170040